00922nam a2200217 a 450000100100000000500170001000800410002704000250006810000410009324000350013424501060016926000440027530000210031950000210034059000760036150400320043770000310046904900090050095201780050999900170068700003487320240301185227.0111021s1970 ag 000 0 spa d aDO-SdBNPbspacBNPHU1 aEngels, Friedrich,d1820-189596030610aDeutsche Bauernkrieg.lSpanish14aLas guerras campesinas en alemania /cFederico Engels ; versión al español de Leandro Martínez. aBuenos Aires :bEditorial Andes,c1970. a197 p. ;c18 cm. aIncluye índice aPerteneció a la biblioteca personal de Juan Isidro Jimenes Grullón. aBibliografía : p. 195-1961 aMartínez, Leandro960418 aBNPD 001050718MOaGRbGRcCTd2011-10-21iLF1l0o p34873-10r2020-06-25w2020-06-25y1zPerteneció a la biblioteca personal de Juan Isidro Jimenes Grullón.ZNo se presta c34364d34364